Normal view
MARC view
- Myler, Harley.R
Entry Personal Name
001 - CONTROL NUMBER
- control field: 57314
003 - CONTROL NUMBER IDENTIFIER
- control field: NUST
005 - DATE AND TIME OF LATEST TRANSACTION
- control field: 20210628201908.0
008 - FIXED-LENGTH DATA ELEMENTS
- fixed length control field: 210628|| aca||aabn | a|a d
040 ## - CATALOGING SOURCE
- Original cataloging agency: NUST
- Transcribing agency: NUST
100 ## - HEADING--PERSONAL NAME
- Personal name: Myler, Harley.R
670 ## - SOURCE DATA FOUND
- Source citation: Work cat.: (NUST): Myler, Harley.R, Fundamentals of machine vision, 2003
